| 000 | 01742nam0a22003971 4500 | ||
|---|---|---|---|
| 001 | v19\rc\1881046 | ||
| 005 | 20251118180504.9 | ||
| 035 | _a(NLR Aleph) 004988804 | ||
| 090 |
_a6263555 _c6263555 |
||
| 100 | _a20080221d1910 |||y0rusy50 ca | ||
| 101 | 0 | _arus | |
| 102 | _aRU | ||
| 105 | _aa z ||||| | ||
| 135 | _acrcn 024anaba | ||
| 200 | 1 |
_aГномы-недремы _eВеселая сказка для детей А.Ф. Панова-Верунина _fС рис. Г. Блока |
|
| 210 |
_aСанкт-Петербург _aМосква _cт-во М.О. Вольф _d1910 _eСанкт-Петербург |
||
| 215 |
_a16 с. _cил. _d24 |
||
| 325 | 1 | _aКопия доступна в электронной библиотеке РНБ | |
| 700 | 1 |
_6z01790 _aПанов _bА. Ф. _f1876- _gАлександр Федорович |
|
| 702 | 1 |
_aБлок _bГ. _4440 |
|
| 790 | 1 |
_6z01700 _aПанов-Верунин _bА. Ф. _f1876- _gАлександр Федорович |
|
| 790 | 1 |
_6z01700 _aВерунин _bА. Ф. _f1876- _gАлександр Федорович |
|
| 801 | 0 |
_aRU _bNLR _gpsbo |
|
| 801 | 0 |
_aRU _bRuMoRGB _2psbo |
|
| 801 | 1 |
_aRU _bProSoft-M _2rusmarc |
|
| 852 |
_aNLR _j18.337.3.349 |
||
| 856 | 0 | _uhttp://vivaldi.nlr.ru/bx000021894/view | |
| 856 | 1 | _uhttp://vivaldi.nlr.ru/bx000021894/cover | |
| 856 | 2 | _uhttp://vivaldi.nlr.ru/bx000021894/text | |
| 899 |
_aRuMoRGB _jU 76/399 |
||
| 901 | _eКнижные издания | ||
| 942 | _cBOOK | ||
| 980 | _aNB | ||
| 981 | 3 | 3 |
_a(33) Художественная литература _b(33) Книги для детей |